Vista normal Vista MARC

Entrada Topical Term

Número de registros utilizados en: 2

001 - CONTROL NUMBER

  • control field: 40510

003 - CONTROL NUMBER IDENTIFIER

  • control field: OSt

005 - DATE AND TIME OF LATEST TRANSACTION

  • control field: 20210915172340.0

008 - FIXED-LENGTH DATA ELEMENTS

  • fixed length control field: 210915|| aca||aabn | a|a d

040 ## - CATALOGING SOURCE

  • Original cataloging agency: OSt
  • Transcribing agency: OSt

150 ## - HEADING--TOPICAL TERM

  • Topical term or geographic name entry element: Cuentos
  • General subdivision: Colecciones

670 ## - SOURCE DATA FOUND

  • Source citation: Work cat.: (OSt): Akinari, Ueda, autor 40509, Historias con misterio / , 2009